000 00423nam a2200169 a 4500
001 0000-9277
003 ELIB.Books
008 110520 1964
035 _a(ELIB.Books)0000-9429
082 _a301
_bInk
100 _aInkeles, Alex
245 _aWhat is Sociology?
260 _bEnglewood Cliffs: Prentice Hall, Inc.
_c1964
650 _aSociology
942 _2ddc
_cBK
998 _cbat
_e2011-05-20
999 _c9277
_d9277